Pyramides de mots - Thématiques - Statistiques

Statistiques générales
  • Ce quiz a été pris 71 fois
  • Le résultat moyen est 17 sur 34
Statistiques - réponses
% Correct
A
95%
Ain
94%
NA
89%
Ô
84%
E
80%
Le Noir
78%
Loire
73%
OL
73%
Amer
72%
Moutarde
66%
66%
Âne
59%
Oïl
59%
N
58%
EN
53%
Éloi
52%
Iéna
48%
Aileron
47%
Élan
47%
Maine
47%
REM
45%
Caroline
44%
Aliénor
41%
Corallien
41%
Morteau
36%
Normandie
36%
Laine
23%
Romandie
19%
Médina
16%
Lorraine
13%
Ormeau
11%
Arôme
8%
Mirande
8%
Lanier
0%
Aucun quiz correspondant
Distribution des résultats
% des personnes avec chaque résultat
Percentile par nombre de réponses
Votre historique - résultats
Vous n’avez pas pris ce quiz